000 00502nam a2200169 4500
003 LK-CoMWRAF
005 20240217002915.0
008 231209b |||||||| |||| 00| 0 eng d
040 _aLK-CoMWRAF
_dLK-CoMWRAF
_eLK-CoMWRAF
041 _atam
082 _a297.5
_bCEY
100 _aஸெயஂனஂ, கலாநிதி றவூபஂ
245 _aபிக்ஹு ஷரீஆ
260 _aColombo :
_bMuslim Women's Research and Action Forum - MWRAF,
_c2021
300 _a13 p.
942 _cBK
999 _c4321
_d4321